000 00366nam a2200145Ia 4500
008 151213s9999 xx 000 0 und d
100 _aStuart Piggett
245 _aApproach to Archeology
_cStuart Piggett
260 _aEngland
_bPelican Books
_c1959
300 _a4548 p.
650 _aArcheology
650 _aReference
700 _aStuart Piggett
999 _c2922
_d2922